| 000 | 00505nam a22001937a 4500 | ||
|---|---|---|---|
| 003 | OSt | ||
| 005 | 20170105103441.0 | ||
| 008 | 120425t xxu||||| |||| 00| 0 eng d | ||
| 020 | _a9780763756895 | ||
| 040 | _cASAB | ||
| 050 | _a616.9 , KAR | ||
| 100 |
_aRobert I Krasner _9142 |
||
| 245 |
_aThe Microbial Challenge _bScience Disease and Public Health |
||
| 250 | _a2 nd | ||
| 260 |
_aNew Delhi _bJones and Bartlett |
||
| 300 | _a476 | ||
| 650 |
_2The Microbia, Science Disease _9143 |
||
| 942 |
_2lcc _cBK |
||
| 999 |
_c16472 _d16472 |
||